000 01670nam a2200397Ia 4500
001 vtls003185939
003 MY-SjTCS
005 20200226111241.0
006 m u
007 cr cn|||||||||
008 100712s2000 nyu gsbd 001 0 eng d
010 _z 2001-268867
015 _aGBA1-05396
020 _z0444506373
035 _a(CaPaEBR)ebr10041461
039 9 _y201007121545
_zVLOAD
040 _aCaPaEBR
_cCaPaEBR
050 1 4 _aR852
_b.K73 2000eb
082 0 4 _a610.7/27
_221
100 1 _aKrauth, Joachim,
_d1941-
245 1 0 _aExperimental design
_h[electronic resource] :
_ba handbook and dictionary for medical and behavioral research /
_cby J. Krauth.
260 _aNew York :
_bElsevier,
_c2000.
300 _a296 p.
490 1 _aTechniques in the behavioral and neural sciences,
_x0921-0709 ;
_vv. 14
504 _aIncludes bibliographical references and indexes.
529 _aTSLHHL
533 _aElectronic reproduction.
_bPalo Alto, Calif. :
_cebrary,
_d2009.
_nAvailable via World Wide Web.
_nAccess may be limited to ebrary affiliated libraries.
650 0 _aMedicine
_xResearch
_xStatistical methods
_vDictionaries.
650 0 _aPsychology
_xResearch
_xStatistical methods
_vDictionaries.
650 0 _aExperimental design.
_96261
650 0 _aExperimental design
_vDictionaries.
655 7 _aElectronic books.
_2local
710 2 _aebrary, Inc.
_925628
830 0 _aTechniques in the behavioral and neural sciences
_x0921-0709 ;
_vv. 14.
856 4 0 _uhttps://ezproxy.taylors.edu.my/login?url=http://site.ebrary.com/lib/taylorscollege/Doc?id=10041461
_zAn electronic book accessible through the World Wide Web; click to view
999 _c78460